000 00610nam a22001817a 4500
999 _c18663
_d18663
008 201210b xxu||||| |||| 00| 0 eng d
040 _aKABU
_cKABU
050 _aRM 300
_b.G66 1970 C.1
245 _aThe Pharmacological Basis of Therapeutics/
_bA textbook of pharmacology, Toxicology and Therapeutics for Physicians and medical studies
_cLouis S. Goodman and Alfred Gilman (ed).
250 _a4th ed.
260 _aLondon:
_bMaCmillan,
_c1970
300 _axx, 1794p.
650 _aPharmacology
650 _atherapeutics
700 _aGoodman, S. Louis
700 _aGilman, Alfred
942 _2lcc
_cBK